[Event "Kupreichik Memorial Rapid 2019"]
[Site "Minsk"]
[Date "2019.08.16"]
[Round "6.35"]
[White "Stanishevskij, Aleksandr"]
[Black "Tarasionak, Arseni"]
[Result "1-0"]
[WhiteElo "1830"]
[BlackElo "1209"]
[Annotator "NA"]
[PlyCount "45"]
[EventDate "2019.08.15"]
[EventType "swiss"]
[EventCountry "BLR"]
[SourceTitle "playchess.com"]
[Source "ChessBase"]
[SourceQuality "1"]
[TimeControl "900+10"]

1. e4 {[%emt 0:00:00]} c5 {[%emt 0:00:00]} 2. Nf3 {[%emt 0:00:00]} e6 {[%emt 0:00:00]} 3. d3 {[%emt 0:00:58]} d5 {[%emt 0:00:00]} 4. Nbd2 {[%emt 0:01:01]} Nc6 {[%emt 0:00:03]} 5. g3 {[%emt 0:00:11]} Nf6 {[%emt 0:00:08]} 6. Bg2 {[%emt 0:00:25]} dxe4 {[%emt 0:00:05]} 7. dxe4 {[%emt 0:00:20]} Be7 {[%emt 0:00:27]} 8. O-O {[%emt 0:00:17]} O-O {[%emt 0:00:02]} 9. e5 {[%emt 0:00:47]} Nd7 {[%emt 0:00:11]} 10. Re1 {[%emt 0:00:03]} Qc7 {[%emt 0:00:01]} 11. Qe2 {[%emt 0:00:17]} Nb4 {[%emt 0:01:18]} 12. Nf1 {[%emt 0:01:38]} Rd8 {[%emt 0:03:15]} 13. c3 {[%emt 0:00:15]} Nd5 {[%emt 0:00:03]} 14. h4 {[%emt 0:00:28]} Nf8 {[%emt 0:01:55]} 15. N1h2 {[%emt 0:00:16]} h5 {[%emt 0:00:30]} 16. Bg5 {[%emt 0:01:44]} Nh7 {[%emt 0:05:08]} 17. Bxe7 {[%emt 0:01:25]} Nxe7 {[%emt 0:00:01]} 18. Nf1 {[%emt 0:00:38]} Nf5 {[%emt 0:00:19]} 19. N1d2 {[%emt 0:00:12]} Bd7 20. Ne4 {[%emt 0:01:07]} Bc6 {[%emt 0:00:29]} 21. Nfg5 {[%emt 0:01:55]} Qxe5 {[%emt 0:01:44]} 22. Nxh7 {[%emt 0:00:58]} Kxh7 23. Ng5+ {[%emt 0:00:09]} 1-0

[Event "Kupreichik Memorial Rapid 2019"]
[Site "Minsk"]
[Date "2019.08.16"]
[Round "6.36"]
[White "Melekhov, Artyom"]
[Black "Ostrovskiy, Viktor"]
[Result "0-1"]
[WhiteElo "1471"]
[BlackElo "1453"]
[Annotator "NA"]
[PlyCount "64"]
[EventDate "2019.08.15"]
[EventType "swiss"]
[EventCountry "BLR"]
[SourceTitle "playchess.com"]
[Source "ChessBase"]
[SourceQuality "1"]
[TimeControl "900+10"]

1. e4 {[%emt 0:00:00]} c5 {[%emt 0:00:00]} 2. Nf3 {[%emt 0:00:00]} d6 {[%emt 0:00:00]} 3. d4 {[%emt 0:00:00]} cxd4 {[%emt 0:00:00]} 4. Nxd4 {[%emt 0:00:00]} Nf6 {[%emt 0:00:00]} 5. Nc3 {[%emt 0:00:00]} a6 {[%emt 0:00:00]} 6. Bg5 {[%emt 0:00:00]} e6 {[%emt 0:00:00]} 7. Qd2 {[%emt 0:00:00]} Be7 {[%emt 0:00:03]} 8. f3 {[%emt 0:00:04]} Nc6 {[%emt 0:01:19]} 9. Be3 {[%emt 0:00:04]} Bd7 {[%emt 0:00:06]} 10. g4 b5 {[%emt 0:00:27]} 11. h4 {[%emt 0:00:55]} Ne5 {[%emt 0:01:36]} 12. Rg1 {[%emt 0:01:52]} Nc4 {[%emt 0:00:04]} 13. Bxc4 {[%emt 0:00:04]} bxc4 {[%emt 0:00:02]} 14. Nde2 {[%emt 0:02:10]} Bc6 {[%emt 0:01:18]} 15. Nf4 {[%emt 0:00:06]} Nd7 {[%emt 0:00:11]} 16. h5 {[%emt 0:00:45]} Ne5 {[%emt 0:00:20]} 17. Qg2 {[%emt 0:00:49]} Bh4+ {[%emt 0:00:22]} 18. Bf2 {[%emt 0:00:05]} Bg5 {[%emt 0:00:27]} 19. Nfe2 {[%emt 0:00:21]} Qf6 {[%emt 0:01:00]} 20. Nd4 {[%emt 0:00:45]} Qf4 {[%emt 0:01:07]} 21. Rd1 {[%emt 0:00:52]} Rb8 {[%emt 0:01:13]} 22. Nce2 {[%emt 0:00:33]} Qf6 {[%emt 0:00:41]} 23. b3 {[%emt 0:00:31]} cxb3 {[%emt 0:00:05]} 24. cxb3 {[%emt 0:00:01]} Bb5 {[%emt 0:00:07]} 25. Nxb5 {[%emt 0:01:20]} axb5 {[%emt 0:00:03]} 26. Nd4 {[%emt 0:00:48]} O-O {[%emt 0:00:50]} 27. Bg3 {[%emt 0:01:04]} Be3 {[%emt 0:00:44]} 28. Rf1 {[%emt 0:00:06]} Bxd4 {[%emt 0:00:18]} 29. Rxd4 {[%emt 0:00:45]} Nxf3+ {[%emt 0:00:03]} 30. Qxf3 {[%emt 0:00:00]} Qxd4 {[%emt 0:00:03]} 31. h6 {[%emt 0:00:35]} Rbc8 {[%emt 0:01:41]} 32. Qf4 {[%emt 0:01:07]} Rc2 {[%emt 0:02:20]} 0-1

[Event "Kupreichik Memorial Rapid 2019"]
[Site "Minsk"]
[Date "2019.08.16"]
[Round "6.37"]
[White "Makarau, Yauheni"]
[Black "Kashtelyan, Valentin"]
[Result "0-1"]
[WhiteElo "1459"]
[BlackElo "1488"]
[Annotator "NA"]
[PlyCount "86"]
[EventDate "2019.08.15"]
[EventType "swiss"]
[EventCountry "BLR"]
[SourceTitle "playchess.com"]
[Source "ChessBase"]
[SourceQuality "1"]
[TimeControl "900+10"]

1. e4 {[%emt 0:00:00]} c5 {[%emt 0:00:00]} 2. Nc3 {[%emt 0:00:00]} e6 {[%emt 0:00:04]} 3. g3 {[%emt 0:00:00]} Nc6 {[%emt 0:00:02]} 4. Bg2 {[%emt 0:00:00]} Nf6 {[%emt 0:00:13]} 5. d3 {[%emt 0:00:01]} a6 {[%emt 0:00:08]} 6. a4 {[%emt 0:00:01]} Qc7 {[%emt 0:00:05]} 7. h3 Be7 {[%emt 0:00:05]} 8. Be3 {[%emt 0:00:16]} d6 {[%emt 0:00:05]} 9. Nge2 {[%emt 0:00:03]} O-O {[%emt 0:00:03]} 10. f4 {[%emt 0:00:07]} Rb8 {[%emt 0:00:12]} 11. g4 {[%emt 0:01:13]} Nd7 {[%emt 0:00:20]} 12. Ng3 {[%emt 0:01:40]} Bh4 {[%emt 0:00:21]} 13. Nce2 {[%emt 0:00:02]} b5 {[%emt 0:00:25]} 14. axb5 {[%emt 0:00:03]} axb5 {[%emt 0:00:08]} 15. O-O {[%emt 0:00:37]} Bxg3 {[%emt 0:00:11]} 16. Nxg3 {[%emt 0:00:01]} b4 {[%emt 0:00:16]} 17. Ne2 {[%emt 0:01:32]} Bb7 {[%emt 0:00:06]} 18. Qe1 {[%emt 0:00:07]} Ra8 {[%emt 0:00:04]} 19. Qh4 {[%emt 0:00:05]} Rxa1 {[%emt 0:00:11]} 20. Rxa1 {[%emt 0:00:01]} Ra8 {[%emt 0:00:12]} 21. Rc1 {[%emt 0:05:58]} Nf8 {[%emt 0:00:31]} 22. f5 {[%emt 0:00:06]} f6 {[%emt 0:02:45]} 23. Nf4 {[%emt 0:01:06]} Nd8 {[%emt 0:02:12]} 24. Nh5 {[%emt 0:00:48]} Qf7 {[%emt 0:01:44]} 25. Rf1 {[%emt 0:02:28]} e5 {[%emt 0:00:28]} 26. g5 {[%emt 0:00:38]} fxg5 {[%emt 0:02:13]} 27. Bxg5 {[%emt 0:00:47]} Nc6 {[%emt 0:00:38]} 28. Be3 {[%emt 0:00:56]} Nd4 {[%emt 0:00:34]} 29. Bxd4 {[%emt 0:00:03]} cxd4 {[%emt 0:00:13]} 30. Rf3 {[%emt 0:00:00]} Ra7 {[%emt 0:04:03]} 31. Rg3 {[%emt 0:00:06]} g6 {[%emt 0:00:21]} 32. fxg6 {[%emt 0:00:30]} Nxg6 {[%emt 0:00:08]} 33. Qd8+ {[%emt 0:00:37]} Qf8 {[%emt 0:00:26]} 34. Nf6+ {[%emt 0:00:19]} Kg7 {[%emt 0:00:19]} 35. Qxf8+ {[%emt 0:00:17]} Kxf8 {[%emt 0:00:07]} 36. Nxh7+ {[%emt 0:00:05]} Kf7 {[%emt 0:00:28]} 37. Ng5+ {[%emt 0:00:00]} Kf6 {[%emt 0:00:17]} 38. Nf3 {[%emt 0:00:12]} Nf4 {[%emt 0:00:16]} 39. Bf1 {[%emt 0:00:24]} Ra2 {[%emt 0:00:04]} 40. Ne1 {[%emt 0:00:18]} Rxb2 {[%emt 0:00:07]} 41. h4 {[%emt 0:00:05]} Rb1 {[%emt 0:00:06]} 42. Kf2 {[%emt 0:00:00]} b3 {[%emt 0:00:09]} 43. cxb3 Rxb3 {[%emt 0:00:01]} 0-1

[Event "Kupreichik Memorial Rapid 2019"]
[Site "Minsk"]
[Date "2019.08.16"]
[Round "6.38"]
[White "Ustiugov, Boris"]
[Black "Lashkevich, Andrei"]
[Result "1/2-1/2"]
[WhiteElo "1567"]
[BlackElo "1447"]
[Annotator "NA"]
[PlyCount "81"]
[EventDate "2019.08.15"]
[EventType "swiss"]
[EventCountry "BLR"]
[SourceTitle "playchess.com"]
[Source "ChessBase"]
[SourceQuality "1"]
[TimeControl "900+10"]

1. d4 {[%emt 0:00:00]} c6 {[%emt 0:00:00]} 2. Nf3 {[%emt 0:00:00]} d6 {[%emt 0:00:00]} 3. g3 {[%emt 0:00:03]} Nd7 {[%emt 0:00:00]} 4. Bg2 {[%emt 0:00:02]} h6 {[%emt 0:00:00]} 5. O-O {[%emt 0:00:15]} g5 {[%emt 0:00:06]} 6. Nc3 {[%emt 0:00:25]} Bg7 {[%emt 0:00:08]} 7. e4 {[%emt 0:00:14]} Qa5 {[%emt 0:00:30]} 8. Ne2 {[%emt 0:00:32]} g4 {[%emt 0:00:36]} 9. Nh4 {[%emt 0:00:07]} Nf8 {[%emt 0:00:03]} 10. Bd2 {[%emt 0:00:28]} Qh5 {[%emt 0:02:27]} 11. Nf4 {[%emt 0:00:30]} Qb5 {[%emt 0:00:04]} 12. Bc3 {[%emt 0:00:20]} Bf6 {[%emt 0:01:33]} 13. a4 {[%emt 0:00:36]} Qg5 {[%emt 0:01:00]} 14. Re1 {[%emt 0:01:10]} Ne6 {[%emt 0:01:32]} 15. Nxe6 {[%emt 0:00:18]} Bxe6 {[%emt 0:00:18]} 16. Qe2 {[%emt 0:01:42]} Qh5 {[%emt 0:00:45]} 17. d5 {[%emt 0:00:29]} Bxc3 {[%emt 0:00:08]} 18. bxc3 {[%emt 0:00:02]} Bd7 {[%emt 0:00:18]} 19. c4 {[%emt 0:01:07]} c5 {[%emt 0:00:18]} 20. a5 {[%emt 0:00:30]} Qe5 {[%emt 0:00:14]} 21. Qd3 {[%emt 0:00:56]} h5 {[%emt 0:01:39]} 22. c3 {[%emt 0:00:08]} Nh6 {[%emt 0:00:12]} 23. f4 {[%emt 0:00:29]} gxf3 {[%emt 0:00:11]} 24. Nxf3 {[%emt 0:00:04]} Qg7 {[%emt 0:00:25]} 25. e5 {[%emt 0:01:22]} Kf8 {[%emt 0:01:44]} 26. e6 {[%emt 0:00:30]} fxe6 {[%emt 0:00:26]} 27. dxe6 {[%emt 0:00:06]} Bc6 {[%emt 0:00:02]} 28. Nh4 {[%emt 0:01:19]} Ke8 {[%emt 0:01:12]} 29. Bxc6+ {[%emt 0:00:19]} bxc6 {[%emt 0:00:02]} 30. Qe4 {[%emt 0:00:33]} Rc8 {[%emt 0:00:22]} 31. Rab1 {[%emt 0:00:23]} Qxc3 {[%emt 0:01:10]} 32. Rbd1 {[%emt 0:01:39]} Rg8 {[%emt 0:00:47]} 33. Rd3 {[%emt 0:01:08]} Qxa5 {[%emt 0:01:28]} 34. Rf1 {[%emt 0:00:36]} Ng4 {[%emt 0:00:39]} 35. Qh7 {[%emt 0:00:52]} Rf8 {[%emt 0:00:15]} 36. Qg6+ {[%emt 0:00:19]} Kd8 {[%emt 0:00:00]} 37. Rxf8+ {[%emt 0:00:03]} Kc7 {[%emt 0:00:01]} 38. Rxc8+ {[%emt 0:00:19]} Kxc8 {[%emt 0:00:01]} 39. Qe8+ {[%emt 0:00:16]} Kb7 {[%emt 0:00:01]} 40. Rb3+ {[%emt 0:00:20]} Kc7 {[%emt 0:00:24]} 41. Qb8# {[%emt 0:00:04]} 1/2-1/2

[Event "Kupreichik Memorial Rapid 2019"]
[Site "Minsk"]
[Date "2019.08.16"]
[Round "6.40"]
[White "Lavrishchev, Matvei"]
[Black "Uzlavataya, Anhelina"]
[Result "0-1"]
[WhiteElo "1175"]
[BlackElo "2051"]
[Annotator "NA"]
[PlyCount "76"]
[EventDate "2019.08.15"]
[EventType "swiss"]
[EventCountry "BLR"]
[SourceTitle "playchess.com"]
[Source "ChessBase"]
[SourceQuality "1"]
[TimeControl "900+10"]

1. g3 {[%emt 0:00:00]} f5 {[%emt 0:00:00]} 2. Bg2 {[%emt 0:00:00]} Nf6 {[%emt 0:00:00]} 3. Nc3 {[%emt 0:00:00]} g6 {[%emt 0:00:00]} 4. b3 {[%emt 0:00:00]} Bg7 {[%emt 0:00:01]} 5. Bb2 {[%emt 0:00:00]} e5 {[%emt 0:00:42]} 6. e3 {[%emt 0:00:03]} O-O {[%emt 0:00:16]} 7. Nge2 {[%emt 0:00:02]} d5 {[%emt 0:01:21]} 8. O-O {[%emt 0:00:08]} Be6 {[%emt 0:00:38]} 9. d4 {[%emt 0:01:06]} e4 {[%emt 0:00:54]} 10. Qd2 {[%emt 0:00:20]} Nbd7 {[%emt 0:00:10]} 11. Nf4 {[%emt 0:00:04]} Bf7 {[%emt 0:00:06]} 12. Rac1 {[%emt 0:00:10]} c6 {[%emt 0:00:14]} 13. Nd1 {[%emt 0:00:08]} g5 {[%emt 0:00:33]} 14. Ne2 {[%emt 0:00:01]} Nh5 {[%emt 0:00:14]} 15. c4 {[%emt 0:00:07]} Be6 {[%emt 0:00:32]} 16. c5 {[%emt 0:00:16]} f4 {[%emt 0:01:07]} 17. exf4 {[%emt 0:00:04]} gxf4 {[%emt 0:00:03]} 18. gxf4 {[%emt 0:00:10]} Bh6 {[%emt 0:01:44]} 19. f3 {[%emt 0:00:22]} Nxf4 {[%emt 0:00:48]} 20. Nxf4 {[%emt 0:00:08]} Bxf4 {[%emt 0:00:10]} 21. Qe2 {[%emt 0:00:09]} Qh4 {[%emt 0:00:12]} 22. Bh1 {[%emt 0:00:57]} Kh8 {[%emt 0:01:05]} 23. Rf2 {[%emt 0:00:23]} Rg8+ {[%emt 0:00:44]} 24. Kf1 {[%emt 0:00:01]} Bh3+ {[%emt 0:00:33]} 25. Bg2 {[%emt 0:00:10]} Bxg2+ {[%emt 0:01:46]} 26. Rxg2 {[%emt 0:00:01]} Rxg2 27. Qxg2 {[%emt 0:00:01]} Rg8 {[%emt 0:00:18]} 28. Qf2 {[%emt 0:00:08]} Qh3+ {[%emt 0:00:56]} 29. Ke1 {[%emt 0:00:07]} Bxh2 {[%emt 0:00:13]} 30. Ne3 {[%emt 0:00:14]} Bg3 {[%emt 0:00:07]} 31. Qxg3 Qxg3+ {[%emt 0:00:04]} 32. Kd2 {[%emt 0:00:08]} Qf2+ {[%emt 0:00:06]} 33. Kc3 {[%emt 0:00:03]} Qxe3+ {[%emt 0:00:04]} 34. Kb4 {[%emt 0:00:03]} Qd2+ {[%emt 0:00:11]} 35. Bc3 {[%emt 0:00:04]} Qxc1 {[%emt 0:00:03]} 36. a4 {[%emt 0:00:01]} a5+ {[%emt 0:00:46]} 37. Kxa5 {[%emt 0:00:01]} Qxc3+ {[%emt 0:00:02]} 38. b4 {[%emt 0:00:01]} Ra8# {[%emt 0:00:02]} 0-1

[Event "Kupreichik Memorial Rapid 2019"]
[Site "Minsk"]
[Date "2019.08.16"]
[Round "7.1"]
[White "Safarli, Eltaj"]
[Black "Mustaps, Matiss"]
[Result "1-0"]
[WhiteElo "2593"]
[BlackElo "2381"]
[Annotator "ChessBase"]
[PlyCount "65"]
[EventDate "2019.08.15"]
[EventType "swiss"]
[EventCountry "BLR"]
[SourceTitle "playchess.com"]
[Source "ChessBase"]
[SourceQuality "1"]
[TimeControl "900+10"]

1. e4 {[%emt 0:00:00]} d6 {[%emt 0:00:00]} 2. d4 {[%emt 0:00:00]} Nf6 {[%emt 0:00:00]} 3. Nc3 {[%emt 0:00:00]} g6 {[%emt 0:00:00]} 4. Bg5 {[%emt 0:00:00]} Bg7 {[%emt 0:00:02]} 5. Qd2 {[%emt 0:00:00]} h6 {[%emt 0:00:13]} 6. Bh4 {[%emt 0:00:02]} g5 {[%emt 0:01:59]} 7. Bg3 {[%emt 0:00:03]} Nh5 {[%emt 0:00:01]} 8. Nge2 {[%emt 0:00:28]} Nd7 {[%emt 0:01:21]} 9. h4 {[%emt 0:00:35]} g4 {[%emt 0:00:33]} 10. O-O-O {[%emt 0:00:20]} c5 {[%emt 0:00:17]} 11. Bh2 {[%emt 0:00:33]} O-O {[%emt 0:00:29]} 12. dxc5 {[%emt 0:00:38]} dxc5 {[%emt 0:01:41]} 13. Nf4 {[%emt 0:01:34]} Nxf4 {[%emt 0:00:10]} 14. Bxf4 {[%emt 0:00:02]} Qb6 {[%emt 0:00:01]} 15. Bc4 {[%emt 0:02:07]} Ne5 {[%emt 0:00:40]} 16. Bb3 {[%emt 0:01:19]} c4 {[%emt 0:01:14]} 17. Bxe5 {[%emt 0:02:16]} Bxe5 {[%emt 0:01:43]} 18. Bxc4 {[%emt 0:00:08]} Qc7 {[%emt 0:00:01]} 19. Nd5 {[%emt 0:02:02]} Qxc4 {[%emt 0:00:03]} 20. Qxh6 {[%emt 0:00:04]} f5 {[%emt 0:04:51]} 21. Nxe7+ {[%emt 0:02:21]} Kf7 {[%emt 0:00:01]} 22. Qh7+ {[%emt 0:00:06]} Ke8 {[%emt 0:00:37]} 23. Nd5 {[%emt 0:00:51]} Qc5 {[%emt 0:00:54]} 24. Qg6+ {[%emt 0:00:19]} Kd8 {[%emt 0:01:12]} 25. Qg5+ {[%emt 0:00:56]} Ke8 {[%emt 0:00:10]} 26. Rhe1 {[%emt 0:00:07]} Be6 {[%emt 0:00:48]} 27. exf5 {[%emt 0:00:26]} Rxf5 {[%emt 0:00:01]} 28. Qg6+ {[%emt 0:00:03]} Kd7 {[%emt 0:00:12]} 29. Nf4+ {[%emt 0:00:10]} Kc6 {[%emt 0:00:25]} 30. Qxe6+ {[%emt 0:00:04]} Kc7 {[%emt 0:00:10]} 31. Nd5+ {[%emt 0:00:18]} Kb8 {[%emt 0:00:10]} 32. Qe8+ {[%emt 0:00:22]} Qc8 {[%emt 0:00:02]} 33. Qxc8+ {[%emt 0:00:02]} 1-0

[Event "Kupreichik Memorial Rapid 2019"]
[Site "Minsk"]
[Date "2019.08.16"]
[Round "7.2"]
[White "Zhigalko, Sergei"]
[Black "Meshkov, Yuri A."]
[Result "1-0"]
[WhiteElo "2574"]
[BlackElo "2336"]
[Annotator "ChessBase"]
[PlyCount "179"]
[EventDate "2019.08.15"]
[EventType "swiss"]
[EventCountry "BLR"]
[SourceTitle "playchess.com"]
[Source "ChessBase"]
[SourceQuality "1"]
[TimeControl "900+10"]

1. e4 {[%emt 0:00:00]} g6 {[%emt 0:00:00]} 2. d4 {[%emt 0:00:00]} Bg7 {[%emt 0:00:00]} 3. Nc3 {[%emt 0:00:00]} a6 {[%emt 0:00:00]} 4. Nf3 {[%emt 0:00:00]} d6 {[%emt 0:00:00]} 5. Be3 {[%emt 0:00:00]} b5 {[%emt 0:00:10]} 6. a4 {[%emt 0:00:02]} b4 {[%emt 0:00:02]} 7. Ne2 {[%emt 0:00:01]} Bb7 {[%emt 0:00:09]} 8. Ng3 {[%emt 0:00:02]} Nd7 {[%emt 0:00:04]} 9. c3 {[%emt 0:00:09]} Ngf6 {[%emt 0:00:17]} 10. Bd3 {[%emt 0:00:02]} bxc3 {[%emt 0:01:03]} 11. bxc3 {[%emt 0:00:02]} c5 {[%emt 0:00:01]} 12. a5 {[%emt 0:00:20]} Qc7 {[%emt 0:00:04]} 13. O-O {[%emt 0:00:05]} O-O {[%emt 0:00:08]} 14. Re1 {[%emt 0:00:48]} Rfb8 {[%emt 0:00:40]} 15. h3 {[%emt 0:00:06]} Ne8 {[%emt 0:01:24]} 16. Qd2 {[%emt 0:00:14]} e6 {[%emt 0:02:40]} 17. Bh6 {[%emt 0:00:34]} Bf6 {[%emt 0:00:24]} 18. Qe2 {[%emt 0:02:37]} Bc6 {[%emt 0:00:37]} 19. Ra3 {[%emt 0:03:59]} cxd4 {[%emt 0:00:28]} 20. cxd4 {[%emt 0:00:05]} Bb5 {[%emt 0:00:03]} 21. Rc1 {[%emt 0:00:15]} Qd8 {[%emt 0:00:07]} 22. e5 {[%emt 0:01:59]} Be7 {[%emt 0:00:01]} 23. d5 {[%emt 0:04:10]} dxe5 {[%emt 0:00:18]} 24. dxe6 {[%emt 0:00:32]} fxe6 {[%emt 0:00:14]} 25. Rac3 {[%emt 0:00:49]} Nef6 {[%emt 0:01:31]} 26. Nxe5 {[%emt 0:00:31]} Nxe5 {[%emt 0:00:09]} 27. Qxe5 {[%emt 0:00:02]} Qd6 {[%emt 0:00:40]} 28. Qe2 {[%emt 0:00:41]} Nd5 {[%emt 0:01:00]} 29. Rb3 {[%emt 0:00:14]} Bxd3 {[%emt 0:00:28]} 30. Rxd3 {[%emt 0:00:06]} Rb5 {[%emt 0:00:26]} 31. Re1 {[%emt 0:00:40]} Rxa5 {[%emt 0:01:19]} 32. Qg4 {[%emt 0:00:14]} Nf6 {[%emt 0:00:27]} 33. Rxd6 {[%emt 0:00:34]} Nxg4 {[%emt 0:00:02]} 34. Rdxe6 {[%emt 0:00:04]} Nxh6 {[%emt 0:00:03]} 35. Rxe7 {[%emt 0:00:01]} Nf5 {[%emt 0:00:19]} 36. Rc7 {[%emt 0:00:05]} Rf8 {[%emt 0:00:51]} 37. Ne4 {[%emt 0:00:02]} Rf7 {[%emt 0:00:23]} 38. Rc6 {[%emt 0:00:20]} Kg7 {[%emt 0:01:39]} 39. Rd1 {[%emt 0:00:41]} Re7 {[%emt 0:00:50]} 40. Nc5 {[%emt 0:00:08]} Ra2 {[%emt 0:00:20]} 41. Nxa6 {[%emt 0:00:13]} Ree2 {[%emt 0:00:06]} 42. Nb4 {[%emt 0:00:04]} Rab2 {[%emt 0:00:17]} 43. Nd3 {[%emt 0:00:02]} Ra2 {[%emt 0:00:01]} 44. Rc7+ {[%emt 0:00:04]} Kh6 {[%emt 0:00:09]} 45. Rc4 {[%emt 0:00:28]} Kg5 {[%emt 0:00:37]} 46. Rg4+ {[%emt 0:00:18]} Kf6 47. Rb4 {[%emt 0:00:04]} h5 {[%emt 0:00:09]} 48. Rb6+ {[%emt 0:00:03]} Kg5 {[%emt 0:00:03]} 49. Kf1 {[%emt 0:00:13]} h4 {[%emt 0:00:30]} 50. Rxg6+ {[%emt 0:00:05]} Kxg6 {[%emt 0:00:03]} 51. Nf4+ {[%emt 0:00:01]} Kg5 {[%emt 0:00:01]} 52. Nxe2 {[%emt 0:00:01]} Ra4 {[%emt 0:00:05]} 53. Ng1 {[%emt 0:00:15]} Kf6 {[%emt 0:00:10]} 54. Nf3 {[%emt 0:00:02]} Ra2 {[%emt 0:00:02]} 55. Kg1 {[%emt 0:00:29]} Rb2 {[%emt 0:00:08]} 56. Rd2 {[%emt 0:00:04]} Rb1+ {[%emt 0:00:01]} 57. Kh2 {[%emt 0:00:01]} Rf1 {[%emt 0:00:06]} 58. Re2 {[%emt 0:00:14]} Ra1 {[%emt 0:00:17]} 59. Re4 {[%emt 0:00:19]} Rf1 {[%emt 0:00:05]} 60. Nxh4 {[%emt 0:00:22]} Nxh4 {[%emt 0:00:12]} 61. Rxh4 {[%emt 0:00:04]} Rxf2 {[%emt 0:00:00]} 62. Ra4 {[%emt 0:00:05]} Kg6 {[%emt 0:00:11]} 63. h4 {[%emt 0:00:07]} Rb2 {[%emt 0:00:33]} 64. Kh3 {[%emt 0:00:04]} Rb6 {[%emt 0:00:57]} 65. Kg4 {[%emt 0:00:12]} Kh6 {[%emt 0:00:01]} 66. g3 {[%emt 0:00:13]} Rc6 {[%emt 0:00:05]} 67. Ra5 {[%emt 0:00:12]} Rc4+ {[%emt 0:00:02]} 68. Kh3 {[%emt 0:00:05]} Rc3 {[%emt 0:00:01]} 69. Ra6+ {[%emt 0:00:24]} Kh5 {[%emt 0:00:04]} 70. Ra5+ {[%emt 0:00:10]} Kh6 {[%emt 0:00:01]} 71. h5 {[%emt 0:00:10]} Rc1 {[%emt 0:00:05]} 72. Kh4 {[%emt 0:00:08]} Rh1+ {[%emt 0:00:14]} 73. Kg4 {[%emt 0:00:01]} Rb1 {[%emt 0:00:09]} 74. Ra6+ {[%emt 0:00:03]} Kh7 {[%emt 0:00:00]} 75. Kg5 {[%emt 0:00:05]} Rb5+ {[%emt 0:00:02]} 76. Kh4 {[%emt 0:00:02]} Rc5 {[%emt 0:00:02]} 77. g4 {[%emt 0:00:08]} Rc1 {[%emt 0:00:14]} 78. Ra7+ {[%emt 0:00:03]} Kg8 {[%emt 0:00:00]} 79. h6 {[%emt 0:00:07]} Rc4 {[%emt 0:00:17]} 80. Kh5 {[%emt 0:00:03]} Rc6 {[%emt 0:00:17]} 81. g5 {[%emt 0:00:05]} Rc5 {[%emt 0:00:04]} 82. Re7 {[%emt 0:00:59]} Kh8 {[%emt 0:01:12]} 83. Kg6 {[%emt 0:00:09]} Rc8 {[%emt 0:00:14]} 84. Kf6 {[%emt 0:00:10]} Rf8+ {[%emt 0:00:36]} 85. Rf7 {[%emt 0:00:13]} Ra8 {[%emt 0:00:04]} 86. g6 {[%emt 0:00:10]} Rb8 {[%emt 0:00:25]} 87. Kg5 {[%emt 0:00:16]} Ra8 {[%emt 0:00:28]} 88. Rf5 {[%emt 0:00:07]} Rg8 {[%emt 0:00:09]} 89. Kh5 {[%emt 0:00:09]} Ra8 {[%emt 0:00:19]} 90. h7 {[%emt 0:00:11]} 1-0

[Event "Kupreichik Memorial Rapid 2019"]
[Site "Minsk"]
[Date "2019.08.16"]
[Round "7.3"]
[White "Tiviakov, Sergei"]
[Black "Zhukova, Natalia"]
[Result "1/2-1/2"]
[WhiteElo "2611"]
[BlackElo "2333"]
[Annotator "ChessBase"]
[PlyCount "64"]
[EventDate "2019.08.15"]
[EventType "swiss"]
[EventCountry "BLR"]
[SourceTitle "playchess.com"]
[Source "ChessBase"]
[SourceQuality "1"]
[TimeControl "900+10"]

1. e4 {[%emt 0:00:00]} e6 {[%emt 0:00:00]} 2. d4 {[%emt 0:00:00]} d5 {[%emt 0:00:00]} 3. Nd2 {[%emt 0:00:00]} c5 {[%emt 0:00:00]} 4. exd5 {[%emt 0:00:00]} exd5 {[%emt 0:00:00]} 5. Ngf3 {[%emt 0:00:00]} Nc6 {[%emt 0:00:00]} 6. Bb5 {[%emt 0:00:09]} Qe7+ {[%emt 0:00:01]} 7. Be2 {[%emt 0:00:51]} Qc7 {[%emt 0:00:02]} 8. O-O {[%emt 0:00:06]} Nf6 {[%emt 0:00:03]} 9. dxc5 {[%emt 0:00:43]} Bxc5 {[%emt 0:00:02]} 10. Nb3 {[%emt 0:00:02]} Be7 {[%emt 0:00:04]} 11. h3 {[%emt 0:00:33]} O-O {[%emt 0:00:04]} 12. Be3 {[%emt 0:00:02]} Bf5 {[%emt 0:00:21]} 13. c3 {[%emt 0:00:04]} Rfe8 {[%emt 0:02:50]} 14. Nbd4 {[%emt 0:00:32]} Bg6 {[%emt 0:00:19]} 15. Re1 {[%emt 0:01:59]} h6 {[%emt 0:00:14]} 16. Bf1 {[%emt 0:00:33]} Bf8 {[%emt 0:00:24]} 17. Bd3 {[%emt 0:03:37]} Ne4 {[%emt 0:00:33]} 18. Qc2 {[%emt 0:00:17]} Rac8 {[%emt 0:01:14]} 19. Rad1 {[%emt 0:00:18]} Bh5 {[%emt 0:00:12]} 20. Rc1 {[%emt 0:00:15]} Qd7 {[%emt 0:02:30]} 21. Qb1 {[%emt 0:00:29]} Bd6 {[%emt 0:00:43]} 22. c4 {[%emt 0:04:53]} Bb4 {[%emt 0:02:57]} 23. Rf1 {[%emt 0:00:17]} Nxd4 {[%emt 0:01:06]} 24. Nxd4 {[%emt 0:00:02]} Bg6 {[%emt 0:00:00]} 25. cxd5 {[%emt 0:00:27]} Qxd5 {[%emt 0:00:28]} 26. Rxc8 {[%emt 0:00:18]} Rxc8 {[%emt 0:00:01]} 27. Rd1 {[%emt 0:00:04]} Qh5 {[%emt 0:01:46]} 28. Ne2 {[%emt 0:00:15]} Qe5 {[%emt 0:02:27]} 29. a3 {[%emt 0:00:11]} Ba5 {[%emt 0:00:58]} 30. Nf4 {[%emt 0:00:20]} Bf5 {[%emt 0:00:11]} 31. Ne2 {[%emt 0:00:55]} Bb6 {[%emt 0:00:20]} 32. Bxb6 {[%emt 0:00:16]} axb6 {[%emt 0:00:00]} 1/2-1/2